Normal view
MARC view
- Restaurants
Entry Topical Term
001 - CONTROL NUMBER
- control field: 11580
003 - CONTROL NUMBER IDENTIFIER
- control field: NUST
005 - DATE AND TIME OF LATEST TRANSACTION
- control field: 20180711121954.0
008 - FIXED-LENGTH DATA ELEMENTS
- fixed length control field: 180711|| aca||aabn | a|a d
040 ## - CATALOGING SOURCE
- Original cataloging agency: NUST
- Transcribing agency: NUST
150 ## - HEADING--TOPICAL TERM
- Topical term or geographic name entry element: Restaurants
- Form subdivision: Fiction.
670 ## - SOURCE DATA FOUND
- Source citation: Work cat.: (NUST)71672: Adams, Douglas, 1952-2001. 11576, The restaurant at the end of the universe /, 1981, c1980.
